Peep inside the farm / (Record no. 49941)
| 000 -LEADER | |
|---|---|
| fixed length control field | 00529nam a2200157 4500 |
| 020 ## - INTERNATIONAL STANDARD BOOK NUMBER | |
| International Standard Book Number | 9781409582045 (hardback) |
| 100 ## - MAIN ENTRY--PERSONAL NAME | |
| Personal name | Milbourne, Anna. |
| Relator term | author. |
| 9 (RLIN) | 42904 |
| 245 10 - TITLE STATEMENT | |
| Title | Peep inside the farm / |
| Statement of responsibility, etc | Anna Milbourne, Illustrated by Olga Demidova. |
| 260 ## - PUBLICATION, DISTRIBUTION, ETC. (IMPRINT) | |
| Name of publisher, distributor, etc | Usborne |
| Date of publication, distribution, etc | February 6, 2024. |
| 300 ## - PHYSICAL DESCRIPTION | |
| Extent | 1 volume (unpaged) : |
| Other physical details | illustrations ; |
| Dimensions | 20 cm |
| 490 ## - SERIES STATEMENT | |
| Series statement | Usborne Peep inside |
| 500 ## - GENERAL NOTE | |
| General note | Lift-the-flap board book. |
| 650 ## - SUBJECT ADDED ENTRY--TOPICAL TERM | |
| 9 (RLIN) | 77011 |
| Topical term or geographic name as entry element | Farm Animals |
| 942 ## - ADDED ENTRY ELEMENTS (KOHA) | |
| Source of classification or shelving scheme | |
| Koha item type | Board Book |
| Withdrawn status | Lost status | Source of classification or shelving scheme | Damaged status | Not for loan | Home library | Current library | Date acquired | Total Checkouts | Full call number | Barcode | Date last seen | Date checked out | Price effective from | Koha item type |
|---|---|---|---|---|---|---|---|---|---|---|---|---|---|---|
| Logos International School | Logos International School | 12/10/2025 | 7 | BB MIL | 100117 | 04/24/2026 | 04/22/2026 | 12/10/2025 | Board Book |